Hard MCU Character Quiz - Statistics

General Stats
  • This quiz has been taken 6,303 times
    1,266 since last reset
  • The average score is 146 of 500
Answer Stats
First Appearance Clue Character % Correct
Above’s real name Tony Stark
96%
Iron Man MCU's first superhero Iron Man
91%
Former head of S.H.I.E.L.D. Nick Fury
85%
Captain America:First Avenger The First Avenger Captain America
82%
Falcon and the Winter Soldier Sam’s new title Captain America
82%
Incredible Hulk Smash Hulk
79%
Rhodey’s suit War Machine
77%
CEO of Stark Industries Pepper Potts
76%
Above’s real name Bruce Banner
75%
Steve’s childhood friend Bucky Barnes
75%
Thor God of thunder Thor Odinson
75%
Creator of the arc reactor and Tony’s father Howard Stark
74%
God of mischief Loki Laufeyson
74%
Head of security at Stark Industries Happy Hogan
73%
Avenger with a bow and arrows Hawkeye
72%
Avengers Villain who snapped away half of the universe Thanos
72%
Helped create the first Iron Man suit Ho Yinsen
71%
Old AI in Iron Man’s suit JARVIS
71%
Above’s real name Steve Rogers
71%
Air Force Lieutenant James Rhodes
69%
Steve’s love Peggy Carter
69%
Iron Man 2 Russian assassin Black Widow
68%
Thor’s girlfriend Jane Foster
68%
Tony’s mother Maria Stark
68%
Father of Hela and Thor Odin
68%
Adopted daughter of Thanos Gamora
67%
Tree-like creature Groot
67%
Above’s real name Peter Parker
67%
Half human, half celestial Peter Quill
67%
Above’s real name Pietro Maximoff
67%
Captain America:Civil War Webslinger Spider-Man
67%
Above’s real name Clint Barton
66%
Above’s real name Natasha Romanoff
66%
Leader of HYDRA Red Skull
66%
Raccoon that was experimented on Rocket
66%
Age of _______ Ultron
66%
Strange variant killed then returned as a zombie Defender Strange
65%
Strange variant who read the Darkhold Sinister Strange
65%
Avengers:Age of Ultron Has the mind stone is his forehead Vision
65%
Above’s real name Wanda Maximoff
65%
Peter’s aunt May Parker
64%
The Destroyer Drax
63%
Avengers Endgame Tony’s daughter Morgan Stark
63%
Adopted daughter of Thanos Nebula
63%
Creator of the Pym Particle Hank Pym
62%
Kree scientist Mar-Vell
62%
Leader of Starforce Yon-Rogg
62%
Ant Man ‘Tic Tac’ Ant Man
61%
Bruce’s love interest and above’s daughter Betty Ross
61%
Protector of Wakanda Black Panther
61%
Wields a whistling arrow Yondu Udonta
61%
Asgardian gatekeepers who can see everyone Heimdall
60%
Thor Ragnarok Odin’s first born Hela
60%
Deputy director of SHIELD Maria Hill
60%
Peter’s girlfriend Michelle Jones
60%
Believed in the Avengers Initiative Phil Coulson
60%
He’s fast Quicksilver
60%
Hawkeye’s new title Ronin
60%
And she’s weird Scarlet Witch
60%
Guardians Of The Galaxy “I’m ____ ____ man” Star Lord
60%
Approves the Sokovia accords Thaddeus Ross
60%
Above’s superhero name Wasp
60%
Part of the Collector’s museum Howard The Duck
59%
Shang Chi Main hero of the movie Shang Chi
59%
Nakia’s son T’Challa
59%
Brainwashed killer Winter Soldier
59%
Can put people to sleep Mantis
58%
Former criminal Scott Lang
58%
Captain Marvel Carol’s title Captain Marvel
57%
Doctor Strange Whields the time stone Doctor Strange
57%
Peggy’s niece Sharon Carter
57%
Above’s real name Stephen Strange
57%
Spider-Man Far From Home Villain Mysterio
56%
Above’s real name Obadiah Stane
56%
King of Wakanda T’Challa
56%
Shang Chi’s mother Ying Li
56%
CIA agent who’s taken to Wakanda Everett K Ross
55%
The guy in the chair(not Thanos) Ned Leeds
55%
Above’s real name Sam Wilson
55%
Guardians Of The Galaxy Vol 2 Peter Quill’s father Ego
54%
Captain America: Winter Soldier Former US Air Force airman Falcon
54%
Sorcerer Supreme Wong
54%
Trained Doctor Strange Karl Mordo
53%
Organiser of the Homecoming dance Liz Toomes
53%
Villain Whiplash
53%
Founder of SWORD Maria Rambeau
52%
Kree who invaded Xandar Ronan
52%
Technological genius and new Black Panther Shuri
52%
T’Challa’s father T’Chaka
52%
Spider Man:Homecoming Main villain Vulture
52%
Leader of the Ten Rings Wenwu
52%
Villian Abomination
51%
Head of Hammer Tech Justin Hammer
51%
Gift Shop Worker Steven Grant
51%
Black Panther T’Challa’s cousin Erik Killmonger
50%
Above’s real name Agatha Harkness
49%
Turned Steve and Tony against each other Helmut Zemo
49%
Main villain of Iron Man Iron Monger
49%
Ex-general of the Dora Milaje Okoye
49%
AI in Tony’s suit FRIDAY
48%
Trained Scott Hope Van Dyne
48%
Draws her power from the dark dimension Ancient One
47%
Collects objects Collector
47%
Hawkeye’s wife Laura Barton
47%
Scott’s daughter Cassie Lang
46%
Spider-Man’s number one fan Flash Thompson
46%
Odin’s wife Frigga
46%
Part of the Howling Commandos James Falsworth
46%
Thor:The Dark World Dark elf Malekith
46%
Above’s real name Carol Danvers
45%
Sam’s nephew Cass Wilson
45%
Woman interested in Walker Contessa Valentina Allegra de Fontaine
45%
Ruler of the dark dimension Dormammu
45%
Hank’s wife Janet Van Dyne
45%
Violent Captain America John Walker
45%
Hawkeye Archer inspired by Hawkeye Kate Bishop
45%
Blind lawyer who helps Peter Matt Murdock
45%
Loki Season 2 TVA agent who fixes technology Ouroboros
45%
Above’s real name Adrian Toomes
44%
Ruler of Sakaar Grandmaster
44%
Black Widow Nat’s sister Yelena Belova
44%
Mentored by Hank Pym Darren Cross
43%
Founder and ruler of the TVA He Who Remains
43%
Fury’s wife Priscilla Fury
43%
Villain who can control sand Sandman
43%
Discovered Wanda’s broadcasts Darcy Lewis
42%
King of the frost giants Laufey
42%
Symbiote Venom
42%
Name of Above’s suit Yellowjacket
42%
Above’s real name Ava Starr
41%
Ant Man And The Wasp Needed healing Ghost
41%
Ringmaster of the fight club Jon Jon
41%
Ant Man and the Wasp: Quantumania Conqueror Kang
41%
Devaint Kro
41%
Ms Marvel Teenage Hero Ms Marvel
41%
Feared Asgardian warrior Sif
41%
Wanda’s son Billy Maximoff
40%
Matt Murdock’s superhero identity Daredevil
40%
Villain with mechanical arms Doctor Octopus
40%
Sucked into space Ebony Maw
40%
Villain who can control electricity Electro
40%
Spider-Man No Way Home Villain who was the head of Oscorp in another universe Green Goblin
40%
Above’s name Kamala Khan
40%
Maria’s daughter Monica Rambeau
40%
Peggy Carter as a super soldier Captain Carter
39%
Above’s real name Ivan Vanko
39%
Woman who befriends Wong Madisynn King
39%
The variant the TVA was hunting Sylvie
39%
Skrull general Talos
39%
Wanda’s son Tommy Maximoff
39%
Fought Hela Valkyrie
39%
Winter Soldier’s new name White Wolf
39%
Works for the Daily Bugle Betty Brant
38%
Worked with Hank on the Goliath project Bill Foster
38%
Stephen’s ex-girlfriend and fellow doctor Christine Palmer
38%
Professor who was controlled by Loki Erik Selvig
38%
Reptilian villain Lizard
38%
Moon Knight Mercenary Marc Spector
38%
Mandarin actor Trevor Slattery
38%
Doctor Strange in the Multiverse of Madness Has the power to travel the Multiverse America Chavez
37%
Above’s father Anton Vanko
37%
HYDRA scientist who infiltrated SHIELD Arnim Zola
37%
Thor: Love and Thunder God butcher Gorr
37%
Head of the Daily Bugle J Jonah Jameson
37%
Korean who befriends Thor Korg
37%
Wants to find Spider-Man Mac Gargan
37%
Leader of the Jarabi tribe M’Baku
37%
Titular character Moon Knight
37%
T’Challa’s girlfriend and War Dog Nakia
37%
Kamala’s other best friend Nakia Bahadir
37%
New leader of the Eternals Sersi
37%
Above’s superhero name She Hulk
37%
Leader of STRIKE Brock Rumlow
36%
Above’s mother Maggie Lang
36%
Above’s real name Max Dillon
36%
Hawkeye’s child Nathaniel Barton
36%
Journalist in the Iron Man films Christine Everhart
35%
Dog with telekinesis Cosmo
35%
Greek god of thunder and lightning Zeus
35%
Sam’s nephew AJ Wilson
34%
Evil Doctor Strange Doctor Strange Supreme
34%
Kate’s mother Eleanor Bishop
34%
Maria Hill’s mother Elizabeth Hill
34%
Above’s real name Emil Blonsky
34%
War Machine’s paint job Iron Patriot
34%
Hawkeye’s child Lila Barton
34%
Above’s real name Maya Lopez
34%
Above’s real name Otto Octavius
34%
Soviet super soldier Red Guardian
34%
What If? Watches but doesn’t interfere The Watcher
34%
At a bar in the post credit scene Eddie Brock
33%
Scientist who invented the Extremist Maya Hansen
33%
Above’s real name Norman Osborne
33%
Above’s husband Phil Jones
33%
Villain who mimics moves Taskmaster
33%
Eternal who kept all her memories Thena
33%
Warlock who saved Peter Adam Warlock
32%
Iron Man 3 Mandarin and leader of AIM Aldrich Killian
32%
Rumlow’s suit Crossbones
32%
Isaiah’s grandson Eli Bradley
32%
Leader of the Flag Smashers Karli Morgenthau
32%
Shang Chi’s best friend and a good archer Katy
32%
Loki TVA Agent who works with Loki Mobius M. Mobius
32%
Eternal with a family Phastos
32%
Crushed by a machine Proxima Midnight
32%
Fiery demon Surtur
32%
Vibranium seller Ulysses Klaue
32%
Ant that Scott rides Anthony
31%
Hawkeye’s child Cooper Barton
31%
Brother of Thanos Eros
31%
Eleanor’s fiancé Jack Dusquesne
31%
Peter’s mother Meredith Quill
31%
Leader of the Illuminati Professor Charles Xavier
31%
Sam’s sister Sarah Wilson
31%
Ravager who betrayed Yondu Taserface
31%
Elder of Ta Lo Guang Bo
30%
Betrayed the Eternals Ikaris
30%
Member of STRIKE Jack Rollins
30%
Werewolf By Night Monster in disguise Jack Russell
30%
Phastos’ son Jack Stoss
30%
Crime boss Kingpin
30%
Stretchy Illuminati member Mister Fantastic
30%
Black Panther Wakanda Forever Mutant who rules Talokan Namor
30%
Above’s real name Quentin Beck
30%
Wanda Vision Wanda’s neighbour Agnes
29%
Avengers:Infinity War Massive member of the Black Order Cull Obsidian
29%
Above’s son Hercules
29%
Eternal who becomes a Bollywood star Kingo
29%
Ravager who inherited Yondu’s arrow Kraglin
29%
Works with Vision Norm
29%
Above’s new title US Agent
29%
Above’s real name Wilson Fisk
29%
Kamala’ brother Aamir Khan
28%
Secretary of the World Security Council Alexander Pierce
28%
Liz’s mother Doris Toomes
28%
FBI agent who watched over Scott and Wanda Jimmy Woo
28%
Leader of the X-Cons Luis
28%
Illuminati member with a powerful voice Black Bolt
27%
Peter’s gym teacher Coach Wilson
27%
Deaf leader of the Tracksuit Mafia Echo
27%
AI given to Peter who gives it to Mysterio EDITH
27%
Flerken Goose
27%
Super Soldier who beat Bucky Isaiah Bradley
27%
She Hulk: Attorney At Law Lawyer Jennifer Walters
27%
Spider-Man’s AI KAREN
27%
Marc’s partner Layla El-Faouly
27%
John Walkers’s wife Olivia Walker
27%
Above’s real name Reed Richards
27%
Child-like Eternal Sprite
27%
Villain Arthur Harrow
26%
Police officer working for Harrow Billy Fitzgerald
26%
Overpowers Captain America Corvus Glaive
26%
Kid who helped Tony Harley Keener
26%
Ex-Queen of Wakanda Ramonda
26%
The first one was killed by accident Shocker
26%
Peter’s grandfather Jason Quill
25%
Guardians of the Galaxy Holiday Special Celebrity the Guardians kidnapped Kevin Bacon
25%
Above’s friend Miek
25%
Police officer married to Maggie Jim Paxton
24%
Loki variant who rules the Void Kid Loki
24%
Darren’s new self M.O.D.O.K
24%
Warriors 3 member Volstagg
24%
Peter’s classmate who also likes MJ Brad Davis
23%
Warriors 3 member Fandral
23%
Eternal who looks after Thena Gilgamesh
23%
Wanda and Pietro’s mother Iryna Maximoff
23%
Part of the Howling Commandos Jim Morita
23%
TVA mascot Miss Minutes
23%
Wanda and Pietro’s father Oleg Maximoff
23%
Experimented on the Maximoff twins Wolfgang Von Strucker
23%
Interrogated by Spider-Man Aaron Davis
22%
Above’s real name Curt Connors
22%
Warriors 3 member Hogun
22%
Above’s suit Ironheart
22%
Tried to bring back his dead family Kaecilius
22%
Head of Marvel Studios who spoke with Jen K.E.V.I.N
22%
Dog saved by Kate Lucky the Pizza Dog
22%
a.k.a The Executioner Skurge
22%
Reptile Loki variant Alligator Loki
21%
Layla’s old friend Anton Mogart
21%
Kate’ father Derek Bishop
21%
Gorr’s daughter Love
21%
Speedster Eternal Makkari
21%
Head of Academic Decathlon team Roger Harrington
21%
Defender of Odin’s vault The Destroyer
21%
What the Kree called her Vers
21%
Created the Super Strength Syndrome Abraham Erskine
20%
Eternals Original leader of the Eternals Ajak
20%
Above’s real name Antonia Dreykov
20%
Loki variant who sacrificed himself Classic Loki
20%
Mind controlling Eternal Druig
20%
Wins the Bloodstone gem Elsa Bloodstone
20%
Secret Invasion Talos’ daughter Gi’ah
20%
Saved Hawkeye’s life Helen Cho
20%
SHIELD scientist working for HYDRA Jasper Sitwell
20%
Kamala’s mother Muneeba Khan
20%
TVA judge Ravonna Renslayer
20%
Kamala’s father Yusuf Khan
20%
General of the Dora Milaje Ayo
19%
Phastos’ husband Ben Stoss
19%
Part of the Howling Commandos Dum Dum Dugan
19%
King of Dwarves Eitri
19%
Wolf Fenris
19%
Above’s real name Flint Marko
19%
Leader of the Red Room General Dreykov
19%
Above’s real name Alexei Shostakov
18%
Ava’s mother Catherine Starr
18%
Ava’s father Elihas Starr
18%
Third identity Jake Lockley
18%
Kamala’s grandmother Sana Ali
18%
Guardians of the Galaxy Vol 3 Villain who experiments on creatures The High Evolutionary
18%
Leader of the Sovereign Ayesha
17%
EXTREMIST user Eric Savin
17%
TVA soldier who captured Loki Hunter B-15
17%
Gave Marc powers Khonshu
17%
Loki variant whose arm was bitten off President Loki
17%
Senator who secretly works for Hydra Senator Stern
17%
Speaks for Thanos The Other
17%
Maya’s father William Lopez
17%
Odin’s father Bor
16%
Met Strange the post credit scene Clea
16%
Malekith’s lieutenant Kurse
16%
Jen’s father Morris Walters
16%
Genius who created the vibranium finding machine Riri Williams
16%
Tried to find a cure for Hulk Samuel Sterns
16%
Maximoff’s dog Sparky
16%
Scientist in Adrian Toomes’ gang Tinkerer
16%
Marc’s mother Wendy Spector
16%
Vision’s boss Arthur Hart
15%
Sersi’s boyfriend Dane Whitman
15%
Marc’s father Elias Spector
15%
Rocket’s rabbit friend Floor
15%
Kamala’s crush Kamran
15%
Nat’s mother figure and Red Room scientist Melina Vostokoff
15%
Marc’s brother Randall Spector
15%
Celestial Arishem
14%
Walker’s partner Battlestar
14%
Jen’s mother Elaine Walters
14%
Leader of Skrull Resistance Gravik
14%
Rocket’s otter friend Lylla
14%
Steven’s suit Mr Knight
14%
Member of Starforce Bron-Char
13%
Member of the X-Cons Dave
13%
Head of committee for the children Dottie Jones
13%
Part of the Howling Commandos Gabe Jones
13%
T’Chaka’s brother N’Jobu
13%
Eros’ companion Pip the Troll
13%
Man who wears a spiky suit Porcupine
13%
Sorcerer who died destroying the Darkhold Sara
13%
Above’s real name Tanleer Tivan
13%
Rocket’s walrus friend Teefs
13%
Sharon’s title and leader in Madripoor The Power Broker
13%
Scientist who worked for Stane and Mysterio William Riva
13%
Trusted advisor Zuri
13%
Being that protects the Void Alioth
12%
Loki variant who betrayed ^ Boastful Loki
12%
TVA member with drawer of infinity stones Casey
12%
A founding member of SHIELD Chester Phillips
12%
Member of the X-Cons Kurt
12%
Monster who held the Bloodstone Man Thing
12%
President Matthew Ellis
12%
Agnes’ husband Ralph Bohner
12%
Leader of the ten rings Raza
12%
Hulk’s son Skaar
12%
Grandmaster’s bodyguard Topaz
12%
Elsa’s stepmother Verussa Bloodstone
12%
Kang variant that Loki saw Victor Timely
12%
Titular character Werewolf by Night
12%
Border control who betrayed T’Challa W’Kabi
12%
Jack’s uncle who was murdered Armand Dusquesne the 3rd
11%
Set up by Nick Fury George Batroc
11%
Steve’s suit of armour HYDRA Stomper
11%
Darcy’s boyfriend Ian Boothby
11%
Air Force lieutenant and Sam’s friend Joaquín Torres
11%
Member of Starforce who worked for Ronan Korath
11%
Destroys Jen’s car at Blonsky’s retreat Man-Bull
11%
Above’s wife Mrs Hart
11%
Leader of the Kree Supreme Intelligence
11%
Influencer who copyrighted ‘She Hulk’ Titania
11%
Egyptian goddess unleashed by Harrow Ammit
10%
Heimdall’s son Axl
10%
HYDRA scientist Dr. List
10%
Agatha’s mother Evanora Harkness
10%
Member of Starforce Minn-Erva
10%
Laura Barton’s shield name Mockingbird
10%
Above’s suit Scarlet Scarab
10%
Wants Hank’s technology Sonny Burch
10%
Above’s sword-wielding name Swordsman
10%
Celestial inside Earth Tiamut
10%
Shang Chi’s sister and owner of a fight club Xialing
10%
Member of Starforce Att-Lass
9%
Kamala’s best friend Bruno Carrelli
9%
Collector’s assistant Carina
9%
God who Gorr was trying to find Eternity
9%
Killed by Mordo Jonathan Pangborn
9%
Above’s real name Lemar Hoskins
9%
Talokan second in command Namora
9%
Ten Rings assassin with a sword for a hand Razor Fist
9%
Nat’s supplier Rick Mason
9%
Acting director of SWORD Tyler Hayward
9%
Original Ravager Charlie-27
8%
Ten Rings warrior who trained Shang Chi Death Dealer
8%
Extremist user blown up by a microwave Ellen Brandt
8%
The name that Monica Rambeau is using undercover Geraldine
8%
Co-host of Midtown News Jason Ionello
8%
Teacher Julius Dell
8%
Owns the mantle of the Red Dagger Kareem
8%
Maya’s 2nd in command Kazi
8%
Ta Lo creature, friends with Trevor Morris
8%
Rival of Stephen Strange Nicodemus West
8%
Above’s real name Phineas Mason
8%
Original Ravager Stakar Ogord
8%
Member of the ten rings Abu Bakaar
7%
Above’s real name Algrim
7%
Talokan who challenges Okoye Attuma
7%
Scientist the Skrulls were trying to find Dr Wendy Lawson
7%
Murdered above Heinz Kruger
7%
Shocker #2 Herman Schultz
7%
Betty’s boyfriend Leonard Samson
7%
Pharaoh Kang variant Rama-Tut
7%
Nova Corp Rhomman Dey
7%
Talos’ wife Soren
7%
Hippo Egyptian goddess of childbirth Taweret
7%
Above’s real name Ted Sallis
7%
Original Ravager Aleta Ogord
6%
Works for ‘Fury’ Dimitri
6%
Shocker #1 Jackson Brice
6%
Part of the Howling Commandos Jacques Dernier
6%
Kingo’s valet Karun Patel
6%
Ribbit and Rip It vigilante Leapfrog
6%
Superhero clothing designer Luke Jacobson
6%
Original Ravager Martinex
6%
Deli owner Mr. Delmar
6%
Flag Smasher killed by John Walker Nico
6%
Jen’s best friend Nikki Ramos
6%
New Guardian Phyla-Vell
6%
Agatha’s rabbit Señor Scratchy
6%
MI6 Agent who knows Fury Sonya Falsworth
6%
Above’s sister and a guardian of Ta Lo Ying Nan
6%
Kamala’s great-grandmother Aisha
5%
Killed by Ronin Akihiko
5%
Dora Milaje who also wore a Midnight Angel suit Aneka
5%
Superhuman attorney who infiltrated the Intelligencia Augustus Pugliese
5%
Police officer working for Harrow Bobbi Kennedy
5%
Leader of the Soul Eaters Dweller-in-Darkness
5%
Octopus-like monster Gargantos
5%
Dragon protector of Ta Lo Great Protector
5%
Cuts through Vision’s wall Herb
5%
TVA soldier captured by Sylvie Hunter C-20
5%
Kang variant Immortus
5%
Head of the Nova Corps Irani Rael
5%
Original Ravager Mainframe
5%
Hydra agent Mitchell Carson
5%
Kamala’s given superhero name Night Light
5%
Minotaur sorcerer Rintrah
5%
NYC police officer and LARPer Wendy Conrad
5%
Member of the Wrecking Crew who was at Blonsky’s retreat Wrecker
5%
School influencer Zoe Zimmer
5%
Loyal SHIELD technician Cameron Klein
4%
Bucky’s therapist Christina Raynor
4%
Magician who abused the Mystic Arts Donny Blaze
4%
Nova Corp Garthan Saal
4%
Man who dated Jen then ghosted her Josh Miller
4%
Original Ravager Krugarr
4%
Janet’s former lover Lord Krylar
4%
Kamran’s mother and leader of Clan Destine Najma
4%
Kang variant Scarlet Centurion
4%
Head of the Intelligencia Todd Phelps
4%
Goat Toothgnasher
4%
Goat Toothgrinder
4%
Wants holes Veb
4%
Damage Control Agent Agent Cleary
3%
Damage Control Agent Agent Sadie Deever
3%
TVA general who wants to find Sylvie General Dox
3%
NYC fire fighter and LARPer Grills
3%
TVA hunter who works with above Hunter X-05
3%
Leader of the Quantum Realm Resistance Jentorra
3%
Superhuman attorney Mallory Book
3%
Telepath Quaz
3%
Shang Chi and Katy’s San Francisco friend Soo
3%
Specialised in ‘truth serum’ Uzman
3%
Recreated the Super Soldier serum Wilfred Nagel
3%
Fights above Águila
2%
Jen’s annoying cousin Ched
2%
Jen’s ex-colleague who thought he dated Megan Thee Stallion Dennis Bukowski
2%
Karli’s right hand man Dovich
2%
Jen’s boss Holden Holliway
2%
Leader of the LARPers Missy
2%
President of the USA President Ritson
2%
Shapeshifting elf Runa
2%
Alleged vampire Saracen
2%
Madripoor criminal killed by Sharon Selby
2%
Aamir’s wife Tyesha Hillman
2%
Leader of the Red Daggers Waleed
2%
Man whose son was killed by Bucky Yori Nakajima
2%
Agent that ‘Ross’ met Agent Prescod
1%
Skrull that Gi’ah welcomed in Beto
1%
Judge who agreed with Hunter B-15 Judge Gamble
1%
LARPer who makes sound effects Orville
1%
Skrull working for Gravik Pagon
1%
No matching quizzes found
Score Distribution
Percent of People with Each Score
Percentile by Number Answered
Your Score History
You have not taken this quiz since the last reset